Sluzby socjalne w Polsce

Gespeichert in:
Bibliographische Detailangaben
1. Verfasser: Mikulski, Jerzy
Weitere Verfasser: Gulda, Czeslaw
Format: Buch
Sprache:Polnisch
Veröffentlicht: Warszawa Instytut Wydawniczy zwiazków zawodowych 1981
Tags: Tag hinzufügen
Keine Tags, Fügen Sie das erste Tag hinzu!

MARC

LEADER 00000nam a2200000 4500
001 c137852
005 20041019155311.2
041 0 |a pol 
044 |a PL 
245 1 0 |a Sluzby socjalne w Polsce  |c Jerzy Mikulski, Czeslaw Gulda 
264 1 |a Warszawa  |b Instytut Wydawniczy zwiazków zawodowych  |c 1981 
300 |a 182 s. 
100 1 |a Mikulski, Jerzy 
700 1 |a Gulda, Czeslaw